000
00245nam a22000857a 4500
999
_c
11035
_d
11035
008
180801b ||||| |||| 00| 0 eng d
100
_a
Griesbach, Heinz
_9
6819
245
_a
DEUTSCHE SPRACHLEHRE FUR AUSLANDER
260
_a
Chennai
_b
Udhayam Offsets
_c
2003